Представление документа в формате RUSMARC

ПолеНазваниеЗначение
  Тип записи a
  Библиографический уровень m
001 Контрольный номер RU/SLIB/B/208724227
005 Дата корректировки 20260320101803.8
010 Индекс ISBN __
d Цена 13387-00
101 Язык документа 0_
a Язык текста rus
c Язык оригинала rus
200 Заглавие и сведения об ответственности 1_
a Заглавие Всемирная история
e Сведения, относящиеся к заглавию в 24 т.
f Первые сведения об ответственности А. Н. Бадак [и др.] ; редкол. И. А. Алябьева [и др.]
b Общее обозначение материала Текст
h Номер части Т. 11
i Наименование части Развитие государств Восточной Европы
210 Выходные данные 1_
a Место издания Минск
c Издательство Лит.
d Дата издания 1997
215 Физическое описание __
a Объем 591 с.
c Иллюстрации/тип воспроизводства ил
606 Тематические рубрики __
a Основная рубрика История
y Географическая подрубрика Венгрия; Балканский полуостров; Турция; Иран; Кавказ; Польша; Речь Посполита; Османская империя; Украина; Литва; Россия; Египет; Африка; Ливан; Словакия; Татарское ханство
606 Тематические рубрики __
a Основная рубрика Всемирная история
606 Тематические рубрики __
a Основная рубрика Новое время
610 Ключевые слова 0_
a Ключевые слова историческая литература; историческое развитие; персоналии; история страны; история государства; экономическое развитие
686 Индексы других классификаций __
a Классификационный индекс 63.3(0)
686 Индексы других классификаций __
a Классификационный индекс 63.3(0)5
702 Вторичная интеллектуальная ответственность _1
a Фамилия Бадак
b Имя А. Н.
4 Код отношения Автор
702 Вторичная интеллектуальная ответственность _1
a Фамилия Алябьева
b Имя И. А.
4 Код отношения Редактор
801 Источник записи _0
a Страна RU
b Организация Муниципальное бюджетное учреждение культуры "Централизованная библиотечная система" г. Сургут (Центральная городская библиотека им. А. С. Пушкина)
g Правила каталогизации КиК/Лебедева
801 Источник записи _1
a Страна RU
b Организация Муниципальное бюджетное учреждение культуры "Централизованная библиотечная система" г. Сургут (Центральная городская библиотека им. А. С. Пушкина)
g Правила каталогизации КиК/Лебедева
852 Данные о местонахождении __
j Шифр хранения 63.3(0)
c Каталожный индекс 63.3(0); 63.3(0)5
i Авторский знак В 84
p Инвентарный номер 65024
901 Тип документа __
t Тип документа m
990 Данные о заказе (DOS) __
j Количество экземпляров (DOS) 1
t N записи в КСУ для И/У (DOS) 199701